01229naa#a2200229#i#4500001001600000005001700016011001400033100004100047102000700088200020900095210012500304215001000429606005700439608004500496675007300541686012700614686007700741686008000818700002800898700005200926856002100978RU\\bibl\12077920260428172217.2##a0235-2524##a20260416b2026####ek#y0rusy0150####ca##aRU1#aМенеджмент качества проектно-изыскательской документации мелиоративного комплекса РоссииeЖурнальная статья1#aМоскваcАНО «Редакция журнала «Мелиорация и водное хозяйство»d2026##a7 с.##aСельское хозяйство. 35.06.012local##aЖурнальная статья2local##aСельскохозяйственная мелиорация. 631.6##aЕстественнонаучные и технические основы сельского хозяйства. 402bbk##aСельскохозяйственная мелиорация. 56072tbk##aСельскохозяйственная мелиорация. 68.312grnti#1aКузнецовgЕ В#1aМацийgВладимир Сергеевич4#amivh.editorum.ru